Equipes ayant gagné leur championnat avec le plus de points - Statistiques

Statistiques générales
  • Ce quiz a été pris 166 fois
  • Le résultat moyen est 13 sur 13
Statistiques - réponses
Pays Saison Points Réponse % Correct
Espagne 2011-2012 100 Real Madrid
100%
Italie 2017-2018 95 Juventus Turin
99%
Italie 2013-2014 102 Juventus Turin
99%
France 2015-2016 96 Paris Saint Germain
99%
Angleterre 2017-2018 100 Manchester City
98%
Angleterre 2018-2019 98 Manchester City
98%
Italie 2006-2007 97 Inter Milan
97%
Angleterre 2019-2020 99 Liverpool FC
97%
Espagne 2009-2010 99 FC Barcelone
96%
Espagne 2010-2011 96 FC Barcelone
96%
Espagne 2012-2013 100 FC Barcelone
96%
France 2016-2017 95 Monaco
91%
Angleterre 2004-2005 95 Chelsea
85%
Aucun quiz correspondant
Distribution des résultats
% des personnes avec chaque résultat
Percentile par nombre de réponses
Votre historique - résultats
Vous n’avez pas pris ce quiz